00347pab a2200133 454500008004000000100002200040245004800062260000900110300001300119362001100132650001600143650002000159773003400179180718b2017 xxu||||| |||| 00| 0 eng d aJayaprakash, N.D. aConning humanity in the name of disarmament c2017 ap.35-46. a29 Jul aDisarmament aNuclear weapons aEconomic and Political Weekly